| 000 | 01283nam a22002891a 4500 | ||
|---|---|---|---|
| 999 |
_c6622 _d6622 |
||
| 001 | 6622 | ||
| 003 | UkOxU | ||
| 005 | 20180215123215.0 | ||
| 008 | 020621r19991974xxk o eng d | ||
| 035 | _a(Uk-CbPIL)Z000557506 | ||
| 040 |
_aUK-CbPIL _cUK-CbPIL _dBD-JhCC |
||
| 041 | _aeng | ||
| 082 |
_a821.008 _bELI 1999 |
||
| 100 | 1 |
_aEliot, T. S. _q(Thomas Stearns), _d1888-1965. |
|
| 245 | 1 | 0 |
_aCollected poems 1909-1962 / _cT. S. Eliot |
| 256 | _aElectronic data. | ||
| 260 |
_aCambridge : _bChadwyck-Healey (a Bell & Howell Information and Learning Company), _c1999. |
||
| 300 |
_a238 p. : _c24cm. |
||
| 500 | _aPreliminaries, editorial matter and notes omitted. | ||
| 500 | _aOnline access provided by ProQuest as part of Chadwyck-Healey literature collections. | ||
| 534 |
_pTranscribed from: _aEliot, T. S. (Thomas Stearns), 1888-1965. _tCollected poems 1909-1962 _cLondon : Faber and Faber, 1974. _e238 p. |
||
| 540 | _aCopyright (c) 2000 Bell & Howell Information and Learning Company. All Rights Reserved. Do not export or print from this database without checking the Copyright Conditions to see what is permitted. | ||
| 540 | _a(c) Copyright T.S. Eliot, 1974, reproduced under licence from Faber and Faber Ltd. | ||
| 650 | _aPoems | ||
| 942 |
_2ddc _cBK |
||